River Nile City Map Quiz - Statistics

General Stats
  • This quiz has been taken 46 times
  • The average score is 6 of 17
Answers on the Map
Answers color-coded by a green-red scale on the quiz's map according to % correct below.
 
Answer Stats
Answer % Correct
Alexandria
الإسكندرية
92%
Cairo
القاهرة
86%
Khartoum
الخرطوم
67%
Juba
64%
Luxor
الأقصر
61%
Aswan
أسوان
58%
Asyut
أسيوط
36%
Omdurman
أم درمان
36%
Jinja
33%
Bahir Dar
ባሕር ዳር
31%
Mansoura
المنصورة
28%
Beni Suef
بني سويف
11%
Qena
قنا
11%
Sohag
سوهاج
8%
Wad Madani
ودمدني
8%
Kosti
كوستي
6%
Rabak
ربك
3%
No matching quizzes found
Score Distribution
Percent of People with Each Score
Percentile by Number Answered
Your Score History
You have not taken this quiz